<?xml version="1.0" encoding="UTF-8"?>
<collection xmlns="http://www.loc.gov/MARC21/slim">
 <record>
  <leader>01464nam a2200205Ia 4500</leader>
  <controlfield tag="001">TDMU_37477</controlfield>
  <controlfield tag="008">210410s9999    xx            000 0 und d</controlfield>
  <datafield tag="082" ind1=" " ind2=" ">
   <subfield code="a">363.7</subfield>
  </datafield>
  <datafield tag="090" ind1=" " ind2=" ">
   <subfield code="b">PH104</subfield>
  </datafield>
  <datafield tag="100" ind1=" " ind2=" ">
   <subfield code="a">Phạm, Phương Thảo</subfield>
  </datafield>
  <datafield tag="245" ind1=" " ind2="0">
   <subfield code="a">Chuyện về ứng xử văn hóa</subfield>
  </datafield>
  <datafield tag="245" ind1=" " ind2="0">
   <subfield code="c">Phạm Phương Thảo</subfield>
  </datafield>
  <datafield tag="260" ind1=" " ind2=" ">
   <subfield code="a">Tp. Hồ Chí Minh</subfield>
  </datafield>
  <datafield tag="260" ind1=" " ind2=" ">
   <subfield code="b">Tổng hợp Tp. Hồ Chí Minh</subfield>
  </datafield>
  <datafield tag="260" ind1=" " ind2=" ">
   <subfield code="c">2018</subfield>
  </datafield>
  <datafield tag="300" ind1=" " ind2=" ">
   <subfield code="a">223tr.</subfield>
  </datafield>
  <datafield tag="520" ind1=" " ind2=" ">
   <subfield code="a">Chia sẻ những câu chuyện mà tác giả chứng kiến, suy ngẫm và đúc rút được từ cuộc sống về văn hoá ứng xử như: Ứng xử như thế nào chốn công sở, nơi công cộng, với môi trường, trong gia đình, nhà trường và xã hội. Giới thiệu một số cộng đồng văn hóa tiêu biểu ở Thành phố Hồ Chí Minh và một số vùng miền với những đặc trưng sinh hoạt riêng, như: làng dệt Bảy Hiền, phố Tây, phố Đông y... từ đó thấu hiểu và trân trọng những nét văn hóa của nhau để có ứng xử phù hợp</subfield>
  </datafield>
  <datafield tag="650" ind1=" " ind2=" ">
   <subfield code="a">Văn hóa ứng xử; Giao tiếp</subfield>
   <subfield code="x">Khía cạnh tâm lý</subfield>
  </datafield>
  <datafield tag="856" ind1=" " ind2=" ">
   <subfield code="u">http://lrc.tdmu.edu.vn/opac/search/detail.asp?aID=2&amp;ID=37477</subfield>
  </datafield>
  <datafield tag="980" ind1=" " ind2=" ">
   <subfield code="a">Trung tâm Học liệu Trường Đại học Thủ Dầu Một</subfield>
  </datafield>
 </record>
</collection>
